Oeuvre completes: L'anabase; le Banquet; l'Economique de la Chasse; la Republique des lacédémoniens; la Republique des Athéniens, Cyropédie; Hiparque; Equitation; Hiéron; Agésilas; les Revenus
Shranjeno v:
| Glavni avtor: | |
|---|---|
| Format: | Knjiga |
| Jezik: | francoščina |
| Izdano: |
París
Garnier-Flammarion
1967
|
| Teme: | |
| Oznake: |
Označite
Brez oznak, prvi označite!
|
MARC
| LEADER | 00000nam a2200000 a 4500 | ||
|---|---|---|---|
| 001 | UCY5858 | ||
| 003 | CL-VaPUC | ||
| 005 | 20220225074258.0 | ||
| 008 | 950512e19670000FR |||||||||||||||||fre|d | ||
| 999 | |c 233465 |d 233463 | ||
| 040 | |c Pontificia Universidad Católica de Valparaíso | ||
| 082 | 0 | 4 | |a 183.2 |b JEN |2 21 |
| 100 | |a Jenofonte |e author |9 335230 | ||
| 245 | 1 | 0 | |a Oeuvre completes: L'anabase; le Banquet; l'Economique de la Chasse; la Republique des lacédémoniens; la Republique des Athéniens, Cyropédie; Hiparque; Equitation; Hiéron; Agésilas; les Revenus |
| 260 | |a París |b Garnier-Flammarion |c 1967 | ||
| 300 | |a 2 v | ||
| 583 | |a last modification |c 20121007 09:05:16 |k Rodrigo Vera | ||
| 650 | 0 | |a Filosofía de la literatura |9 267374 | |
| 650 | 0 | |a Oratoria griega |9 265027 | |
| 650 | 0 | |a Filología clásica |9 269285 | |
| 650 | 0 | |a Filosofía antigua |9 255705 | |
| 650 | 7 | |a LITERATURA GRIEGA |2 CL-VaPUC |9 258054 | |
| 651 | 0 | |a Grecia |9 265314 | |
| 852 | |a BIBCUR | ||
| 942 | |c BK |2 ddc | ||
| 945 | |d 19950512 00:00:00 |a oaravena | ||
| 952 | |0 0 |1 0 |4 0 |6 183_200000000000000_JEN_1967 |7 0 |8 P |9 239014 |a BIBEDU |b BIBEDU |c BIBEDU_PB |d 2019-11-18 |h v.1 |i 1501151 |o 183.2 JEN 1967 |p 1501151 |r 2024-01-25 |w 2019-11-18 |y BK |k FIL | ||
| 952 | |0 0 |1 0 |4 0 |6 183_200000000000000_JEN_1967 |7 0 |8 P |9 239015 |a BIBEDU |b BIBEDU |c BIBEDU_PB |d 2019-11-18 |h v.2 |i 1501143 |o 183.2 JEN 1967 |p 1501143 |r 2024-01-25 |w 2019-11-18 |y BK |k FIL | ||